[Event "Panevezys Kveinys Memorial op"]
[Site "Panevezys"]
[Date "2021.08.05"]
[Round "8"]
[White "Sulskis, Sarunas"]
[Black "Butvilas, Aistis"]
[Result "1/2-1/2"]
[WhiteElo "2523"]
[BlackElo "2088"]
[PlyCount "69"]
[EventDate "2021.07.30"]
[EventType "swiss"]
[EventRounds "9"]
[EventCountry "LTU"]
[SourceTitle "EXT 2022"]
[Source "ChessBase"]
[SourceDate "2021.10.06"]
[SourceVersion "1"]
[SourceVersionDate "2021.10.06"]
[SourceQuality "1"]

1. e4 c5 2. Nf3 e6 3. Nc3 Nc6 4. d4 cxd4 5. Nxd4 Nf6 6. Nxc6 bxc6 7. e5 Nd5 8. Ne4 Qc7 9. f4 Qb6 10. c4 Bb4+ 11. Ke2 f5 12. exf6 Nxf6 13. Be3 Qd8 14. Nd6+ Bxd6 15. Qxd6 Bb7 16. Kd1 Rc8 17. Bxa7 Ne4 18. Qb4 Qc7 19. Be3 c5 20. Qe1 0-0 21. Kc2 e5 22. Rd1 exf4 23. Bc1 Rce8 24. Bd3 f3 25. gxf3 Rxf3 26. Qh4 Rxd3 27. Rxd3 Nf2 28. Qxf2 Bxh1 29. Re3 Be4+ 30. Kd1 Qd6+ 31. Ke1 Qg6 32. Qg3 Qf5 33. Qf2 Qg6 34. Qg3 Qf5 35. Qf2 1/2-1/2

[Event "Panevezys Kveinys Memorial op"]
[Site "Panevezys"]
[Date "2021.07.30"]
[Round "1"]
[White "Sedykh, Mikhail"]
[Black "Butvilas, Aistis"]
[Result "0-1"]
[WhiteElo "2119"]
[BlackElo "2088"]
[PlyCount "68"]
[EventDate "2021.07.30"]
[EventType "swiss"]
[EventRounds "9"]
[EventCountry "LTU"]
[SourceTitle "EXT 2022"]
[Source "ChessBase"]
[SourceDate "2021.10.06"]
[SourceVersion "1"]
[SourceVersionDate "2021.10.06"]
[SourceQuality "1"]

1. d4 Nf6 2. c4 e6 3. Nc3 Bb4 4. Qc2 d5 5. cxd5 Qxd5 6. Nf3 Qf5 7. Qxf5 exf5 8. a3 Ba5 9. b4 Bb6 10. Bf4 Nc6 11. Rd1 0-0 12. h4 Re8 13. e3 Nh5 14. g3 Nxf4 15. gxf4 a5 16. b5 Ne7 17. Bc4 c6 18. h5 Be6 19. Ne5 Bxc4 20. Nxc4 Bc7 21. b6 Bb8 22. Na4 Nd5 23. Kd2 Nf6 24. f3 Re7 25. h6 g6 26. Nc5 Ne8 27. Rhe1 Nd6 28. Ne5 f6 29. Ned7 Nc4+ 30. Kc3 Nxe3 31. Kd3 Bxf4 32. Nxf6+ Kf7 33. Nfd7 Nxd1 34. Rxd1 Rd8 0-1

[Event "LTU-ch U18"]
[Site "Vilnius"]
[Date "2021.06.05"]
[Round "5"]
[White "Butvilas, Aistis"]
[Black "Stremavicius, Pijus"]
[Result "1-0"]
[WhiteElo "2115"]
[BlackElo "2228"]
[PlyCount "67"]
[EventDate "2021.06.02"]
[EventType "swiss"]
[EventRounds "7"]
[EventCountry "LTU"]
[SourceTitle "EXT 2023"]
[Source "ChessBase"]
[SourceDate "2022.10.05"]
[SourceVersion "1"]
[SourceVersionDate "2022.10.05"]
[SourceQuality "1"]

1. d4 e6 2. c4 Bb4+ 3. Bd2 a5 4. Nf3 d6 5. Nc3 Nf6 6. Qc2 Qe7 7. a3 Bxc3 8. Bxc3 Nc6 9. e3 e5 10. d5 Nb8 11. b3 0-0 12. Be2 c6 13. dxc6 Nxc6 14. 0-0 d5 15. Rfd1 dxc4 16. bxc4 Nd7 17. Qb2 f6 18. h3 Nc5 19. Be1 Be6 20. Qb5 Rfc8 21. Rac1 Bd7 22. Qb2 Nd8 23. Nd2 Ba4 24. Nb1 Bxd1 25. Rxd1 Qe8 26. Nc3 Na4 27. Nxa4 Qxa4 28. Rd5 Qc6 29. Bxa5 Ne6 30. Qd2 b6 31. Rd6 Qe8 32. Bxb6 Nf8 33. c5 Ng6 34. c6 1-0

[Event "LTU-chT"]
[Site "Lithuania"]
[Date "2021.05.16"]
[Round "7.1"]
[White "Bastys, Robertas"]
[Black "Butvilas, Aistis"]
[Result "0-1"]
[WhiteElo "2217"]
[BlackElo "2063"]
[PlyCount "98"]
[EventDate "2021.05.07"]
[EventType "team-swiss"]
[EventRounds "7"]
[EventCountry "LTU"]
[SourceTitle "CBM 202 Extra"]
[Source "ChessBase"]
[SourceDate "2021.07.31"]
[SourceVersion "1"]
[SourceVersionDate "2021.07.31"]
[SourceQuality "1"]
[WhiteTeam "Vilnius Chess United"]
[BlackTeam "Kaunas SBK"]
[WhiteTeamCountry "LTU"]
[BlackTeamCountry "LTU"]

1. d4 Nf6 2. c4 e6 3. Nc3 Bb4 4. e3 0-0 5. Nge2 d5 6. a3 Be7 7. cxd5 exd5 8. Nf4 c6 9. Bd3 Na6 10. 0-0 Nc7 11. f3 Ne6 12. Nfe2 h6 13. Bc2 c5 14. dxc5 Bxc5 15. b4 Bd6 16. Qd3 Re8 17. Rd1 Nc7 18. Nd4 Qe7 19. Re1 Qe5 20. g3 Qh5 21. Bd2 g6 22. Nce2 Bd7 23. Nf4 Qg5 24. Ng2 Rac8 25. Bc3 Na8 26. Bd1 Qe5 27. Rc1 Qe7 28. Bb3 Nb6 29. Nf4 Be5 30. Nde2 Bf5 31. Qd2 Nc4 32. Bxc4 dxc4 33. e4 Bd7 34. Qe3 b6 35. Red1 Ba4 36. Nd5 Nxd5 37. Rxd5 Bxc3 38. Nxc3 Bb3 39. Qxh6 a5 40. Qg5 axb4 41. Qxe7 Rxe7 42. axb4 Ra7 43. Kf2 Rc6 44. Ke3 Kg7 45. h4 Re6 46. g4 Rc6 47. f4 Ra3 48. Kd4 Ba4 49. Nxa4 Rd3+ 0-1

[Event "LTU-chT"]
[Site "Lithuania"]
[Date "2020.09.27"]
[Round "6.2"]
[White "Butvilas, Aistis"]
[Black "Viskelis, Darius"]
[Result "1-0"]
[WhiteElo "2096"]
[BlackElo "2240"]
[PlyCount "47"]
[EventDate "2020.01.25"]
[EventType "team-swiss"]
[EventRounds "7"]
[EventCountry "LTU"]
[SourceTitle "EXT 2021"]
[Source "ChessBase"]
[SourceDate "2020.10.23"]
[SourceVersion "1"]
[SourceVersionDate "2020.10.23"]
[SourceQuality "1"]
[WhiteTeam "Kaunas SBK"]
[BlackTeam "Vilnius LKSF"]
[WhiteTeamCountry "LTU"]
[BlackTeamCountry "LTU"]

1. d4 Nf6 2. c4 e6 3. Nc3 d5 4. cxd5 Nxd5 5. e4 Nxc3 6. bxc3 c5 7. Nf3 cxd4 8. cxd4 Bb4+ 9. Bd2 Bxd2+ 10. Qxd2 0-0 11. Bc4 Nd7 12. 0-0 Nb6 13. Bb3 Bd7 14. a4 a5 15. d5 exd5 16. exd5 Bf5 17. Rfe1 Qd6 18. Qd4 Rfd8 19. Re5 Bg6 20. Rae1 Nd7 21. Re7 Nc5 22. Bc4 b6 23. Bb5 Ne6 24. R1xe6 1-0

[Event "LTU-chT"]
[Site "Lithuania"]
[Date "2020.09.25"]
[Round "3.1"]
[White "Butvilas, Aistis"]
[Black "Krivonosov, Oleg"]
[Result "0-1"]
[WhiteElo "2096"]
[BlackElo "2400"]
[PlyCount "100"]
[EventDate "2020.01.25"]
[EventType "team-swiss"]
[EventRounds "7"]
[EventCountry "LTU"]
[SourceTitle "EXT 2021"]
[Source "ChessBase"]
[SourceDate "2020.10.23"]
[SourceVersion "1"]
[SourceVersionDate "2020.10.23"]
[SourceQuality "1"]
[WhiteTeam "Kaunas SBK"]
[BlackTeam "Vilnius MRU"]
[WhiteTeamCountry "LTU"]
[BlackTeamCountry "LTU"]

1. d4 d5 2. c4 e6 3. Nc3 Be7 4. cxd5 exd5 5. Bf4 c6 6. e3 Bd6 7. Bxd6 Qxd6 8. Bd3 Nf6 9. Qc2 0-0 10. Nf3 Nbd7 11. 0-0 Re8 12. Rab1 Nf8 13. b4 Ng6 14. h3 Bd7 15. b5 c5 16. dxc5 Qxc5 17. Ne4 Nxe4 18. Bxe4 Rac8 19. Qxc5 Rxc5 20. Bxg6 hxg6 21. Nd4 Rec8 22. Rfd1 Kf8 23. Kf1 Ke7 24. Ke2 Rc4 25. Rb2 Ra4 26. Kd2 Kd6 27. b6 a6 28. Ra1 Rac4 29. a3 Ba4 30. h4 Bd7 31. g3 Ra4 32. Rb3 Rc5 33. Rab1 Rca5 34. Rc3 Rc4 35. Rcb3 Ba4 36. R3b2 Bb5 37. Nxb5+ axb5 38. Rxb5 Rxa3 39. R1b2 Kc6 40. Kd1 d4 41. exd4 Rxd4+ 42. Ke2 Ra2 43. Rxa2 Kxb5 44. Ra8 Rd7 45. Rg8 f6 46. g4 Kxb6 47. g5 fxg5 48. hxg5 Kc5 49. f4 b5 50. Re8 b4 0-1

[Event "LTU-ch Amateurs"]
[Site "Kaunas"]
[Date "2020.08.30"]
[Round "7"]
[White "Butvilas, Aistis"]
[Black "Stremavicius, Pijus"]
[Result "1/2-1/2"]
[WhiteElo "2125"]
[BlackElo "2181"]
[PlyCount "36"]
[EventDate "2020.08.27"]
[EventType "swiss"]
[EventRounds "7"]
[EventCountry "LTU"]
[SourceTitle "EXT 2022"]
[Source "ChessBase"]
[SourceDate "2021.10.06"]
[SourceVersion "1"]
[SourceVersionDate "2021.10.06"]
[SourceQuality "1"]

1. d4 d6 2. Nf3 g6 3. c4 Bg7 4. Nc3 Bg4 5. e3 e5 6. Be2 exd4 7. exd4 Ne7 8. 0-0 0-0 9. h3 Bxf3 10. Bxf3 Nbc6 11. d5 Nd4 12. Be4 f5 13. Bd3 c5 14. dxc6 bxc6 15. Re1 Qd7 16. Bg5 Rfe8 17. Qd2 c5 18. Nb5 Nec6 1/2-1/2

[Event "LTU-ch Amateurs"]
[Site "Kaunas"]
[Date "2020.08.30"]
[Round "6"]
[White "Sarauskas, Andrius"]
[Black "Butvilas, Aistis"]
[Result "0-1"]
[WhiteElo "1919"]
[BlackElo "2125"]
[PlyCount "72"]
[EventDate "2020.08.27"]
[EventType "swiss"]
[EventRounds "7"]
[EventCountry "LTU"]
[SourceTitle "EXT 2022"]
[Source "ChessBase"]
[SourceDate "2021.10.06"]
[SourceVersion "1"]
[SourceVersionDate "2021.10.06"]
[SourceQuality "1"]

1. Nf3 d5 2. g3 Bg4 3. Bg2 Nd7 4. d4 e6 5. c4 c6 6. 0-0 Bd6 7. b3 Bxf3 8. Bxf3 f5 9. Ba3 Bxa3 10. Nxa3 Ngf6 11. b4 0-0 12. b5 Qa5 13. bxc6 bxc6 14. Qb3 Rab8 15. Qe3 Ne4 16. Rfd1 Rb2 17. Rd3 Ndf6 18. Qc1 Rfb8 19. Qf4 Qd8 20. Qe5 Qd6 21. Qxd6 Nxd6 22. Rc1 Rxa2 23. cxd5 cxd5 24. Rc7 Rb7 25. Rc6 Nfe8 26. Ra6 Kf7 27. Rc3 Ke7 28. Rac6 Kd7 29. R6c5 Nf6 30. Ra5 g5 31. e3 g4 32. Bd1 Nfe4 33. Ba4+ Ke7 34. Rb3 Rc7 35. Rd3 Nxf2 36. Bb3 Rxa3 0-1

[Event "LTU-ch Amateurs"]
[Site "Kaunas"]
[Date "2020.08.29"]
[Round "4"]
[White "Klimciauskas, Domantas"]
[Black "Butvilas, Aistis"]
[Result "1-0"]
[WhiteElo "2197"]
[BlackElo "2125"]
[PlyCount "163"]
[EventDate "2020.08.27"]
[EventType "swiss"]
[EventRounds "7"]
[EventCountry "LTU"]
[SourceTitle "EXT 2022"]
[Source "ChessBase"]
[SourceDate "2021.10.06"]
[SourceVersion "1"]
[SourceVersionDate "2021.10.06"]
[SourceQuality "1"]

1. d4 Nf6 2. Nc3 d5 3. Bf4 e6 4. e3 Be7 5. Nb5 Na6 6. a4 0-0 7. Nf3 Ne4 8. c3 c6 9. Na3 Nc7 10. Bd3 f5 11. 0-0 a5 12. Ne5 g5 13. Bg3 Nxg3 14. hxg3 Ne8 15. Qh5 Ng7 16. Qh6 Rf6 17. Qxg5 Rg6 18. Qf4 Bg5 19. Qf3 Rh6 20. Qe2 Bd7 21. f4 Bf6 22. Kf2 Be8 23. Rh1 Bh5 24. Qd2 Bxe5 25. dxe5 Rg6 26. Nc2 Bg4 27. Nd4 Ne8 28. Be2 Bxe2 29. Qxe2 Qe7 30. Rh3 Nc7 31. Rah1 Qg7 32. Qd1 Na6 33. Nb3 c5 34. Nxa5 b6 35. Qb3 Rb8 36. Nc6 Rb7 37. Nd8 Rb8 38. Qb5 Nc7 39. Qc6 h6 40. Qd6 Ra8 41. Nc6 Re8 42. b4 d4 43. cxd4 c4 44. Rc1 Nd5 45. Rxc4 Nxe3 46. Rc1 Nd5 47. Nd8 Nxf4 48. Rc7 Nxh3+ 49. gxh3 Qf8 50. Nf7 f4 51. gxf4 Qg7 52. Ng5 Qf8 53. Qxf8+ Rxf8 54. Ne4 Rxf4+ 55. Ke3 Rh4 56. Nf6+ Kf8 57. Kd3 Rg2 58. Rc8+ Kf7 59. Rb8 Ra2 60. Rb7+ Kg6 61. Rxb6 Rxh3+ 62. Kc4 Rxa4 63. Rxe6 Kf5 64. Re8 Rh1 65. Nd7 Rc1+ 66. Kb3 Ra7 67. e6 Rd1 68. Kc4 h5 69. Nc5 Rh7 70. Rf8+ Kg6 71. b5 h4 72. b6 h3 73. b7 Rb1 74. b8Q Rxb8 75. Rxb8 h2 76. Rb1 h1Q 77. Rxh1 Rxh1 78. Kd5 Re1 79. Kd6 Kf5 80. d5 Re5 81. e7 Kf6 82. Nd7+ 1-0

[Event "Plunge op 40th"]
[Site "Plateliai"]
[Date "2020.07.18"]
[Round "8"]
[White "Laurusas, Tomas"]
[Black "Butvilas, Aistis"]
[Result "1-0"]
[WhiteElo "2511"]
[BlackElo "2103"]
[PlyCount "61"]
[EventDate "2020.07.13"]
[EventType "swiss"]
[EventRounds "9"]
[EventCountry "LTU"]
[SourceTitle "CBM 197 Extra"]
[Source "ChessBase"]
[SourceDate "2020.09.30"]
[SourceVersion "1"]
[SourceVersionDate "2020.09.30"]
[SourceQuality "1"]

1. d4 Nf6 2. c4 e6 3. Nf3 d5 4. Nc3 Bb4 5. cxd5 exd5 6. Qa4+ Nc6 7. Ne5 Bd7 8. Nxd7 Qxd7 9. e3 Ne4 10. Qc2 Qg4 11. Bd2 Nxd2 12. Qxd2 a6 13. h3 Qg5 14. a3 Bxc3 15. Qxc3 0-0 16. g3 a5 17. Bb5 Qf5 18. h4 Na7 19. Bd3 Qf3 20. 0-0 c6 21. Qxa5 f5 22. Qd2 Qg4 23. b4 Rae8 24. Rac1 Nb5 25. Bxb5 cxb5 26. Qd1 Qg6 27. Qf3 Re4 28. Kh2 Qd6 29. Kg2 Qg6 30. Rc5 f4 31. h5 1-0

[Event "Plunge op 40th"]
[Site "Plateliai"]
[Date "2020.07.16"]
[Round "6"]
[White "Butvilas, Aistis"]
[Black "Narmontas, Raimondas"]
[Result "1/2-1/2"]
[WhiteElo "2103"]
[BlackElo "2004"]
[PlyCount "59"]
[EventDate "2020.07.13"]
[EventType "swiss"]
[EventRounds "9"]
[EventCountry "LTU"]
[SourceTitle "CBM 197 Extra"]
[Source "ChessBase"]
[SourceDate "2020.09.30"]
[SourceVersion "1"]
[SourceVersionDate "2020.09.30"]
[SourceQuality "1"]

1. d4 Nf6 2. c4 e6 3. Nc3 Bb4 4. f3 c5 5. d5 b5 6. e4 d6 7. Bd2 Bxc3 8. Bxc3 b4 9. Bd2 0-0 10. Qc2 exd5 11. cxd5 Nbd7 12. Ne2 Ne5 13. Ng3 a5 14. Be2 Qb6 15. Be3 Bd7 16. 0-0 Rfe8 17. Bg5 Kh8 18. Kh1 Ng8 19. Rae1 f6 20. Be3 Qb7 21. f4 Nf7 22. Bh5 Re7 23. Rd1 Ngh6 24. Bg1 Rae8 25. e5 Bb5 26. e6 Bxf1 27. exf7 Bxg2+ 28. Qxg2 Rf8 29. Bf3 Qd7 30. Bf2 1/2-1/2

[Event "Plunge op 40th"]
[Site "Plateliai"]
[Date "2020.07.16"]
[Round "5"]
[White "Vardanyan, Aras"]
[Black "Butvilas, Aistis"]
[Result "1-0"]
[WhiteElo "2163"]
[BlackElo "2103"]
[PlyCount "171"]
[EventDate "2020.07.13"]
[EventType "swiss"]
[EventRounds "9"]
[EventCountry "LTU"]
[SourceTitle "CBM 197 Extra"]
[Source "ChessBase"]
[SourceDate "2020.09.30"]
[SourceVersion "1"]
[SourceVersionDate "2020.09.30"]
[SourceQuality "1"]

1. c4 e5 2. Nc3 Bb4 3. Nd5 Bc5 4. Nf3 c6 5. Nc3 Qe7 6. d4 exd4 7. Nxd4 d6 8. e3 Nf6 9. Be2 0-0 10. 0-0 Nbd7 11. b3 Ne5 12. Qc2 Re8 13. h3 Bd7 14. Rd1 Rad8 15. Bb2 Bc8 16. a3 Bb6 17. Nf5 Qe6 18. Nd4 Qe7 19. a4 d5 20. a5 Bc7 21. cxd5 Nxd5 22. Nxd5 Rxd5 23. a6 bxa6 24. Nxc6 Rxd1+ 25. Rxd1 Nxc6 26. Qxc6 Bb6 27. Bc4 Rd8 28. Rxd8+ Qxd8 29. Bd5 Bd7 30. Qd6 Bb5 31. Qe5 Qf8 32. Be4 Bd7 33. Qh5 h6 34. Bd3 Be6 35. Bc2 Qd6 36. Qh4 Qc6 37. Qg3 g6 38. Qe5 Kf8 39. Be4 Qc5 40. Qg7+ Ke8 41. Qh8+ Kd7 42. Qg7 Ke8 43. b4 Qxb4 44. Bc6+ Kd8 45. Be5 Bc5 46. Qh8+ Bf8 47. Kh2 Qc5 48. Ba4 Qb4 49. g3 Qxa4 50. Qxf8+ Kd7 51. Qd6+ Ke8 52. Bf6 Qd7 53. Qb8+ Qc8 54. Qxa7 Kf8 55. Qe7+ Kg8 56. Bb2 Kh7 57. Qf6 Qf8 58. f4 a5 59. g4 Qg8 60. Kg3 a4 61. e4 Bb3 62. h4 Bc4 63. h5 Bb3 64. Kf2 Bc4 65. Ke3 Bb3 66. Kd3 Ba2 67. Bc3 Bb3 68. Bd4 Ba2 69. Kc2 Bb3+ 70. Kb2 Bc4 71. Be5 Bb3 72. Bd4 Bc4 73. g5 hxg5 74. hxg6+ fxg6 75. fxg5 Ba2 76. Kc1 Bb3 77. Qe5 Qc4+ 78. Bc3 Qf1+ 79. Kb2 Qf2+ 80. Ka3 Qf8+ 81. Bb4 Qf3 82. Qc7+ Kg8 83. Qc8+ Kh7 84. Bc3 Bg8 85. Qc7+ Bf7 86. Qe5 1-0

[Event "Plunge op 40th"]
[Site "Plateliai"]
[Date "2020.07.13"]
[Round "1"]
[White "Butvilas, Aistis"]
[Black "Cibulskis, Vaclovas"]
[Result "1-0"]
[WhiteElo "2103"]
[BlackElo "1830"]
[PlyCount "83"]
[EventDate "2020.07.13"]
[EventType "swiss"]
[EventRounds "9"]
[EventCountry "LTU"]
[SourceTitle "CBM 197 Extra"]
[Source "ChessBase"]
[SourceDate "2020.09.30"]
[SourceVersion "1"]
[SourceVersionDate "2020.09.30"]
[SourceQuality "1"]

1. d4 d5 2. c4 e6 3. Nc3 Nf6 4. cxd5 exd5 5. Bg5 Be7 6. e3 0-0 7. Bd3 Nbd7 8. Nf3 h6 9. Bh4 b6 10. 0-0 Ne4 11. Bxe7 Qxe7 12. Bxe4 dxe4 13. Nd2 f5 14. Nc4 Qb4 15. Qb3 Qxb3 16. axb3 c6 17. b4 a5 18. Nd6 Ba6 19. b5 cxb5 20. Ncxb5 Bxb5 21. Nxb5 Rac8 22. Rfc1 Nf6 23. Nd6 Rxc1+ 24. Rxc1 Nd5 25. Kf1 Rf6 26. Rc8+ Kh7 27. Nc4 a4 28. Ne5 Rd6 29. Ke2 b5 30. Nf7 Rb6 31. Rh8+ Kg6 32. Ne5+ Kh5 33. Rd8 Nb4 34. Kd2 Na6 35. Rc8 b4 36. Nc4 Rb7 37. Ra8 Nc7 38. Rxa4 g5 39. Nd6 Rb6 40. Nxf5 Na6 41. Ng3+ Kg6 42. Nxe4 1-0

[Event "World ol U16"]
[Site "Corum"]
[Date "2019.11.03"]
[Round "7.9"]
[White "Butvilas, Aistis"]
[Black "Vujovic, Savo"]
[Result "0-1"]
[WhiteElo "2116"]
[BlackElo "2040"]
[PlyCount "76"]
[EventDate "2019.10.29"]
[EventType "team-swiss"]
[EventRounds "9"]
[EventCountry "TUR"]
[SourceTitle "CBM 192 Extra"]
[Source "Chessbase"]
[SourceDate "2019.11.06"]
[SourceVersion "1"]
[SourceVersionDate "2019.11.06"]
[SourceQuality "1"]
[WhiteTeam "Lithuania"]
[BlackTeam "Montenegro"]
[WhiteTeamCountry "LTU"]
[BlackTeamCountry "MNE"]

1. d4 Nf6 2. c4 g6 3. Nc3 Bg7 4. e4 0-0 5. Nf3 d6 6. h3 e5 7. d5 a5 8. Be3 Na6 9. g4 h5 10. g5 Nd7 11. a3 Nac5 12. Qc2 a4 13. Nd2 c6 14. Be2 Qa5 15. Kf1 Nb8 16. Kg2 Nba6 17. Rad1 Rb8 18. Nf1 Nb3 19. Ng3 Nd4 20. Qd2 h4 21. Nf1 Nc5 22. Nh2 Ncb3 23. Qe1 Nc2 24. Qg1 Qd8 25. Nf3 Nbd4 26. Bc1 Nxf3 27. Bxf3 f5 28. Kf1 Nd4 29. Qg2 f4 30. Nxa4 b5 31. Nc3 b4 32. axb4 Rxb4 33. dxc6 Rxc4 34. Nd5 Rxc6 35. Bd2 Rc2 36. b4 Ba6+ 37. Kg1 Be2 38. Bxe2 f3 0-1

[Event "LTU-ch Rapid op"]
[Site "Taujenai"]
[Date "2019.10.20"]
[Round "8.6"]
[White "Klabis, Rokas"]
[Black "Butvilas, Aistis"]
[Result "1-0"]
[WhiteElo "2319"]
[BlackElo "1992"]
[PlyCount "115"]
[EventDate "2019.10.19"]
[EventType "swiss (rapid)"]
[EventRounds "11"]
[EventCountry "LTU"]
[SourceTitle "EXT 2023"]
[Source "ChessBase"]
[SourceDate "2022.10.05"]
[SourceVersion "1"]
[SourceVersionDate "2022.10.05"]
[SourceQuality "1"]

1. e4 c5 2. Nf3 Nc6 3. Bb5 g6 4. 0-0 Bg7 5. Re1 Nf6 6. e5 Nd5 7. Bxc6 dxc6 8. h3 0-0 9. d3 b6 10. Nbd2 Nc7 11. a4 Ne6 12. a5 Ba6 13. Ne4 Qd7 14. b3 Rfd8 15. Bb2 h6 16. Qe2 Nd4 17. Nxd4 cxd4 18. Nd2 Qe6 19. f4 c5 20. Nf1 b5 21. Qf2 Qd5 22. Rad1 Bb7 23. Ng3 Rac8 24. Re2 Kh7 25. Rde1 c4 26. bxc4 bxc4 27. f5 e6 28. fxg6+ fxg6 29. Ne4 cxd3 30. cxd3 Qxe5 31. Ba3 Qf5 32. Nd6 Qxf2+ 33. Rxf2 Rc7 34. Nb5 Rcd7 35. Rxe6 a6 36. Na7 Bxg2 37. Rxg2 Rxa7 38. Rgxg6 Rd5 39. Bb4 Rb7 40. Rb6 Rf7 41. Be1 Rdf5 42. Rge6 Rf1+ 43. Kg2 R1f3 44. Rxa6 Rxd3 45. Rab6 Ra3 46. a6 Ra7 47. Bf2 Ra2 48. Kg3 d3 49. Rb7 R7xa6 50. Bd4 Rxe6 51. Rxg7+ Kh8 52. Ra7+ Kg8 53. Rxa2 Rd6 54. Be3 Kf7 55. Kf3 Kg6 56. Bd2 Kh5 57. Ra5+ Kh4 58. Be1+ 1-0

[Event "Klaipeda Sea rapid op 16th"]
[Site "Klaipeda"]
[Date "2019.07.27"]
[Round "6"]
[White "Butvilas, Aistis"]
[Black "Stremavicius, Pijus"]
[Result "0-1"]
[WhiteElo "2052"]
[BlackElo "2080"]
[PlyCount "108"]
[EventDate "2019.07.27"]
[EventType "swiss (rapid)"]
[EventRounds "7"]
[EventCountry "LTU"]
[SourceTitle "CBM 191 Extra"]
[Source "ChessBase"]
[SourceDate "2019.09.30"]
[SourceVersion "1"]
[SourceVersionDate "2019.09.30"]
[SourceQuality "1"]

1. d4 d6 2. Nf3 Nf6 3. c4 Bg4 4. g3 c5 5. dxc5 Qa5+ 6. Bd2 Qxc5 7. Na3 Ne4 8. Be3 Qb4+ 9. Nd2 Nxd2 10. Qxd2 Qxd2+ 11. Bxd2 Nc6 12. Bc3 Rc8 13. f3 Bh5 14. Kf2 Ne5 15. g4 Bg6 16. e4 e6 17. h3 Be7 18. Be2 f6 19. f4 Nc6 20. f5 Bf7 21. Rad1 a6 22. g5 Ne5 23. gxf6 gxf6 24. fxe6 Bxe6 25. Rhg1 Bxh3 26. Bb4 Rc6 27. b3 h5 28. Nc2 Bd7 29. Nd4 Rc8 30. Nf5 Bxf5 31. exf5 Rc6 32. Rd5 h4 33. Bg4 Kd7 34. Bh3 Nf7 35. Rg7 Ng5 36. Kg2 Rh7 37. Rxh7 Nxh7 38. Bg4 Ng5 39. Bd2 Kc7 40. Bxg5 fxg5 41. Kf3 Rc5 42. Rd2 Bf6 43. Bh3 Re5 44. Kg4 Re3 45. Bf1 Rg3+ 46. Kh5 Rf3 47. Bg2 Rxf5 48. Kg6 Rf4 49. Re2 Bd8 50. Bh3 g4 51. Bg2 h3 52. Bd5 g3 53. Re3 g2 54. Rg3 Rf1 0-1

[Event "Klaipeda Sea rapid op 16th"]
[Site "Klaipeda"]
[Date "2019.07.27"]
[Round "3"]
[White "Laurusas, Tomas"]
[Black "Butvilas, Aistis"]
[Result "1-0"]
[WhiteElo "2501"]
[BlackElo "2052"]
[PlyCount "43"]
[EventDate "2019.07.27"]
[EventType "swiss (rapid)"]
[EventRounds "7"]
[EventCountry "LTU"]
[SourceTitle "CBM 191 Extra"]
[Source "ChessBase"]
[SourceDate "2019.09.30"]
[SourceVersion "1"]
[SourceVersionDate "2019.09.30"]
[SourceQuality "1"]

1. c4 Nf6 2. g3 e6 3. Bg2 d5 4. Nf3 Be7 5. 0-0 0-0 6. d4 b6 7. cxd5 exd5 8. Nc3 Bb7 9. Bg5 h6 10. Bxf6 Bxf6 11. Rc1 Na6 12. e3 c5 13. dxc5 Nxc5 14. Nd4 Ne6 15. Nce2 Qd7 16. Qd2 Nc5 17. Nf4 Ne4 18. Qd3 Rac8 19. Bh3 Qa4 20. Bxc8 Rxc8 21. Rxc8+ Bxc8 22. Nxd5 1-0

[Event "Klaipeda Sea rapid op 16th"]
[Site "Klaipeda"]
[Date "2019.07.27"]
[Round "7"]
[White "Mulevicius, Andrius"]
[Black "Butvilas, Aistis"]
[Result "0-1"]
[WhiteElo "1808"]
[BlackElo "2052"]
[PlyCount "158"]
[EventDate "2019.07.27"]
[EventType "swiss (rapid)"]
[EventRounds "7"]
[EventCountry "LTU"]
[SourceTitle "CBM 191 Extra"]
[Source "ChessBase"]
[SourceDate "2019.09.30"]
[SourceVersion "1"]
[SourceVersionDate "2019.09.30"]
[SourceQuality "1"]

1. e4 c5 2. d3 Nc6 3. g3 g6 4. Bg2 Bg7 5. Ne2 e6 6. 0-0 Nge7 7. c3 0-0 8. Bg5 h6 9. Be3 d6 10. Qd2 Kh7 11. f4 f5 12. h3 e5 13. fxe5 Nxe5 14. Na3 fxe4 15. dxe4 Be6 16. b3 Qd7 17. Kh2 a6 18. Rad1 Rxf1 19. Rxf1 N7c6 20. Nf4 Bg8 21. Nd5 Bxd5 22. exd5 Ne7 23. Nc4 Nf5 24. Nb6 Qd8 25. Nxa8 Qxa8 26. Bf4 Qe8 27. g4 Ne7 28. Bxe5 Bxe5+ 29. Kh1 Ng8 30. c4 Nf6 31. Qd3 Kg7 32. Be4 g5 33. Bf5 Bf4 34. Be6 Qd8 35. Qf5 Qa5 36. Rxf4 gxf4 37. Qxf4 Qe1+ 38. Kg2 Qe2+ 39. Qf2 Qe4+ 40. Qf3 Qc2+ 41. Qf2 Qe4+ 42. Qf3 Qd4 43. Bf5 Qd2+ 44. Kg3 Qe1+ 45. Qf2 Qe5+ 46. Kg2 b5 47. Qg3 Qe2+ 48. Qf2 Qe5 49. Qc2 Qf4 50. Qf2 Qe5 51. Qd2 bxc4 52. bxc4 Ne4 53. Bxe4 Qxe4+ 54. Kg3 Qxc4 55. Qb2+ Kg6 56. Qb1+ Kg7 57. Qb2+ Kf7 58. Qf2+ Ke7 59. Qe3+ Kd8 60. Qe6 Qc3+ 61. Kh4 Qe5 62. Qg8+ Kc7 63. Qf7+ Kb6 64. Qg8 c4 65. Qb8+ Kc5 66. Qa7+ Kxd5 67. Qxa6 Qg5+ 68. Kg3 Qe3+ 69. Kh4 c3 70. Qb5+ Ke4 71. Qc4+ Qd4 72. Qc6+ Kd3 73. Qf3+ Kc2 74. Qf5+ Qd3 75. Qa5 Kd1 76. Qb4 c2 77. Qa4 Kd2 78. Qb4+ Ke2 79. Qb2 Kd1 0-1

[Event "Klaipeda Sea op-B 16th"]
[Site "Klaipeda"]
[Date "2019.07.25"]
[Round "4"]
[White "Ravlusevic, Evelina"]
[Black "Butvilas, Aistis"]
[Result "0-1"]
[WhiteElo "1703"]
[BlackElo "2052"]
[PlyCount "116"]
[EventDate "2019.07.22"]
[EventType "swiss"]
[EventRounds "7"]
[EventCountry "LTU"]
[SourceTitle "CBM 191 Extra"]
[Source "ChessBase"]
[SourceDate "2019.09.30"]
[SourceVersion "1"]
[SourceVersionDate "2019.09.30"]
[SourceQuality "1"]

1. d4 Nf6 2. c4 e6 3. Nc3 Bb4 4. Qc2 d5 5. cxd5 Qxd5 6. e3 c5 7. Bd2 Bxc3 8. Bxc3 cxd4 9. Bxd4 Nc6 10. Bc3 0-0 11. Nf3 Rd8 12. Be2 Qe4 13. Rc1 Qxc2 14. Rxc2 Nd5 15. Ne5 Bd7 16. Nxc6 Bxc6 17. Ba5 Re8 18. 0-0 e5 19. Rd1 h6 20. h3 Ba4 21. b3 Bc6 22. a4 Ne7 23. Bc4 Rac8 24. Rcd2 b6 25. Bb4 Nf5 26. Ba6 Ra8 27. Rc1 Re6 28. Rdc2 Bd5 29. Rc8+ Re8 30. Rxa8 Rxa8 31. Rc3 Nh4 32. Bf1 Re8 33. f3 Ng6 34. e4 Be6 35. g3 Rd8 36. Ba3 Rd1 37. h4 h5 38. b4 Ra1 39. Kf2 Ra2+ 40. Ke3 a5 41. b5 Nf8 42. Be2 Nd7 43. Bf1 f6 44. Be2 g5 45. Kf2 Kg7 46. hxg5 fxg5 47. Be7 g4 48. f4 exf4 49. gxf4 Kf7 50. Bd8 Nc5 51. Ke3 Rxa4 52. Bxb6 Rxe4+ 53. Kd2 Nb3+ 54. Kd1 a4 55. Rc7+ Kf6 56. Rc6 a3 57. f5 a2 58. Bd8+ Kxf5 0-1